[Event "23rd Alekhine FIDE 2019"]
[Site "Voronezh"]
[Date "2019.06.13"]
[Round "2.3"]
[White "Sokolovsky, Victor"]
[Black "Nasonov, Vadim A."]
[Result "1-0"]
[WhiteElo "1916"]
[BlackElo "2155"]
[Annotator "TA"]
[PlyCount "67"]
[EventDate "2019.06.12"]
[EventType "swiss"]
[EventCountry "RUS"]
[SourceTitle "playchess.com"]
[Source "ChessBase"]
[SourceQuality "1"]

{[%evp 13,149,37,46,25,117,119,120,119,130,121,161,161,161,166,167,158,254,231,247,229,219,238,210,233,242,227,243,223,212,154,144,130,156,7,28,-135,-140,-137,-203,-200,-37,-44,0,0,130,0,0,0,0,0,9,13,88,95,59,0,0,14,15,0,215,213,632,604,722,680,678,0,0,0,0,0,0,-55,-57,-85,-79,-126,-126,-119,-119,-138,-41,-87,0,-62,90,-47,44,57,284,268,550,547,514,0,86,85,795,643,1152,1113,1012,917,849,585,585,585,579,566,587,512,587,585,587,581,572,537,587,468,462,450,567,393,784,784,770,770,762,762,799,792,785,785,764,730,708,685]} 1. e4 d5 2. exd5 Qxd5 3. Nc3 Qa5 4. Nf3 c6 5. Bc4 Bf5 6. d4 e6 7. Bd2 Qc7 8. Qe2 {B01: Scandinavian Defence} Nd7 (8... Be7 $11 {remains equal.}) (8... Nf6 9. O-O-O b5 10. Bb3 a5 11. a3 b4 12. Na4 Nbd7 13. Ne5 Be4 14. Nxd7 Kxd7 15. c4 bxc3 16. Nxc3 Bg6 17. Ba4 Bxa3 18. bxa3 {1-0 (44) Lu,S (2636)-Nie,X (2229) Tianjin 2018}) 9. d5 $1 $16 {[%cal Rd5e6]} O-O-O 10. dxc6 {White is better.} bxc6 $146 ({Predecessor:} 10... Qxc6 11. Bb5 Qb6 12. a4 Bd6 13. a5 Qc7 {½-½ (36) Kedem,M (2235)-Margariti,A ICC INT 2009}) 11. O-O Ngf6 12. b4 Nb6 {[%cal Bd7b6,Bb6d5,Bd5c3][%mdl 32]} 13. Ba6+ $1 Kb8 14. a4 {[%cal Ba2a4,Ba4a5][%mdl 32]} Nfd5 (14... Bxb4 $16 15. a5 Rxd2 16. Qxd2 (16. axb6 axb6 17. Qxd2 Ne4 $14) 16... Ne4 17. axb6 axb6 18. Nxe4 Bxd2 19. Nfxd2 Bxe4) 15. a5 $18 Nxc3 16. Bxc3 Nd5 17. Be5 Bd6 18. b5 $1 {[%cal Rb5c6]} (18. Bxg7 Nf4 $17) 18... Bxe5 19. Nxe5 Nc3 20. Qe3 $1 {Black must now prevent b6.} ({Less strong is} 20. Nxc6+ Qxc6 21. bxc6 Nxe2+ 22. Bxe2 Kc7 $11) 20... cxb5 {aiming for ...Rd5.} 21. Ra3 b4 22. Rb3 Nd5 23. Qd4 (23. Qg3 $1 $16 Ka8 24. Bb5 Bxc2 25. Rc1) 23... f6 $11 24. Rxb4+ $2 (24. Nd3 $11 Bxd3 25. Bxd3) 24... Nxb4 $17 25. Qxb4+ Ka8 26. Nc4 Rd5 $2 (26... Bxc2 $19 {And now ...Bd3 would win.} 27. Rc1 Rd4) 27. Ne3 $1 $15 Rxa5 28. Be2 {Intending Bf3+ and mate.} Qb6 {[#]} (28... a6 $11 {keeps the balance.}) 29. Bf3+ ({White has to play} 29. Qf4 $1 $16 {Hoping for Bf3+.} Re5 30. Bf3+ Kb8 31. Nc4 {[%mdl 64] Pin}) 29... Kb8 $1 $11 30. Qf4+ Qc7 $1 {[%cal Rc7f4]} 31. Qb4+ Kc8 {[#]} 32. Bb7+ $1 {[%mdl 512]} Kb8 (32... Qxb7 $11 33. Qxa5 Be4) 33. Bc6+ $1 $16 Kc8 {[#]} 34. Nc4 {Played: Bc6-b7} 1-0

[Event "23rd Alekhine FIDE 2019"]
[Site "Voronezh"]
[Date "2019.06.13"]
[Round "2.4"]
[White "Malinin, Sergey"]
[Black "Kolomensky, Vladimir"]
[Result "1/2-1/2"]
[WhiteElo "1900"]
[BlackElo "2134"]
[Annotator "TA"]
[PlyCount "95"]
[EventDate "2019.06.12"]
[EventType "swiss"]
[EventCountry "RUS"]
[SourceTitle "playchess.com"]
[Source "ChessBase"]
[SourceQuality "1"]

{[%evp 11,95,34,45,47,50,33,40,30,35,9,12,12,16,9,6,-50,18,0,8,-21,7,-45,0,0,0,0,0,0,0,-7,-14,-151,-147,-147,-138,-141,-126,-187,-177,-165,-97,-114,-103,-103,-75,-93,-84,-91,-81,-122,-122,-133,-120,-125,-141,-112,-126,-241,-260,-258,-245,-253,-204,-204,-205,-205,-205,-211,-29,-28,-28,-28,-28,-28,0,0,0,0,0,-9,0,0,0,0,0,0]} 1. d4 Nf6 2. c4 e6 3. g3 Bb4+ 4. Bd2 Qe7 5. Bg2 Nc6 6. e3 e5 7. d5 {E00: Catalan Bogo-Indian (3 g3 Bb4+)} Nb8 8. Ne2 (8. Nc3 {with more complications.} O-O 9. Nge2 d6 10. Qc2 Bg4 11. f3) (8. Nc3 O-O 9. Nge2 d6 10. Qc2 a5 11. a3 Bxc3 12. Nxc3 Bd7 13. b3 c6 14. dxc6 Bxc6 {½-½ (55) Vallejo Pons,F (2709)-Liu,Y (2474) China 2018}) 8... Bxd2+ 9. Qxd2 {White is slightly better.} ({Much weaker is} 9. Kxd2 Qb4+ 10. Nbc3 Qxb2+ 11. Ke1 d6 $15) 9... d6 10. h3 a5 $146 ({Predecessor:} 10... h5 11. Nbc3 O-O 12. e4 Nbd7 13. Nc1 Nc5 14. b4 Ncd7 {1-0 (38) Bischoff,K (2564)-Wahls,M (2546) Germany 2003}) 11. O-O Nbd7 12. Nbc3 Nc5 13. g4 (13. e4 $11) 13... O-O (13... Nfd7 $15) 14. Ng3 Ne8 15. e4 g6 16. Rae1 ({Better is} 16. f4 $11) 16... Bd7 17. f4 exf4 18. Rxf4 Qe5 19. Ref1 Ng7 20. Nge2 h5 21. g5 (21. Nd4 $11 {remains equal.}) 21... Qxg5 $17 22. h4 Qe7 23. Nd4 Rae8 24. Nf3 (24. Ncb5 $17) 24... f6 25. Nd4 Kh7 (25... Bg4 $19 26. b3 f5 27. exf5 Nxf5 28. Nxf5 Rxf5) 26. b3 f5 27. Nf3 fxe4 (27... Kg8 {seems wilder.} 28. Ng5 b6 29. R1f2 fxe4 30. Ncxe4 Rxf4 31. Rxf4 Nxe4 32. Rxe4 Qf6) 28. Ng5+ Kg8 29. Ncxe4 Rxf4 30. Qxf4 {[#] Strongly threatening Nf6+.} Nxe4 31. Bxe4 Bf5 32. Bxf5 Nxf5 ({But not} 32... gxf5 33. Qg3 $11) 33. Ne6 c6 34. Qg5 (34. Nd4 $17 {was called for.}) 34... Qxg5+ $19 35. hxg5 cxd5 {[%mdl 4096] Endgame KRN-KRN} 36. Nc7 Re2 37. Nxd5 Rxa2 38. Nf6+ Kf7 {And now ...Rb2 would win.} 39. Nxh5 {[#] intending Ng3.} Rb2 $2 ({Much less strong is} 39... gxh5 40. Rxf5+ Kg6 41. Rd5 $15) ({Black should try} 39... Re2 $1 $19 {Hoping for ...Re3.} 40. Rf3 Re5) 40. Ng3 $1 $11 Rxb3 41. Nxf5 gxf5 42. Rxf5+ {KR-KR} Kg6 (42... Ke6 {is interesting.} 43. Rxa5 Rb4 44. Ra8 Rxc4 45. Kf2 Kf5) 43. Rxa5 {The position is equal.} Rg3+ 44. Kf2 Rxg5 45. Ra7 Kf5 46. Rxb7 Ke4 47. Rb6 Rc5 48. Ke2 {Accuracy: White = 33%, Black = 64%.} 1/2-1/2

[Event "23rd Alekhine FIDE 2019"]
[Site "Voronezh"]
[Date "2019.06.13"]
[Round "2.5"]
[White "Shaydullina, Sandugach"]
[Black "Vasiliev, Maxim"]
[Result "1-0"]
[WhiteElo "2128"]
[BlackElo "1898"]
[Annotator "TA"]
[PlyCount "59"]
[EventDate "2019.06.12"]
[EventType "swiss"]
[EventCountry "RUS"]
[SourceTitle "playchess.com"]
[Source "ChessBase"]
[SourceQuality "1"]

{[%evp 9,59,36,54,41,42,53,54,25,42,24,22,25,23,18,37,41,52,49,33,47,48,39,123,134,120,118,187,183,220,212,543,445,402,202,347,333,336,324,404,193,623,636,622,620,1263,1250,1158,1121,994,858,1318,1189]} 1. d4 Nf6 2. c4 c5 3. d5 b5 4. cxb5 a6 5. bxa6 g6 6. Nc3 {A58: Benko/Volga Gambit: Lines with 5 bxa6} Bg7 7. e4 {e5 is the strong threat.} O-O 8. e5 {White is slightly better.} Ne8 9. Nf3 (9. h4 Bxe5 10. Bh6 Bxa6 11. h5 Ng7 12. Nf3 Bxc3+ 13. bxc3 Bxf1 14. Kxf1 {1-0 (22) So,W (2780)-Duda,J (2737) chess.com INT 2018}) 9... d6 10. h4 dxe5 $146 ({Predecessor:} 10... Bg4 11. e6 fxe6 12. Be2 Nxa6 13. Ng5 Bxe2 14. Qxe2 {1-0 (45) Iljin,T (2279)-Tsydypov,Z (2451) St Petersburg 2016}) 11. h5 $36 {[%mdl 2048] aiming for hxg6. White has some pressure.} Nd6 12. hxg6 hxg6 13. Bh6 Bxh6 14. Rxh6 Kg7 15. Qd2 Rh8 (15... Nd7 $1 $14) 16. Rxh8 $16 Qxh8 17. Nxe5 Nxa6 (17... Qh5 $16 {was called for.}) 18. O-O-O $18 Qh4 19. g3 Qb4 $2 (19... Qh5) 20. a3 Qb3 {If only Black now had time for ...Nb4....} 21. Nc6 ({Less strong is} 21. Bxa6 Bxa6 22. Rh1 Rh8 $18) (21. Bd3 $142 Nb4 22. Rh1 Nxd3+ 23. Nxd3) 21... Nc7 (21... Nb4 {is a better defense.} 22. axb4 Ne4 {[%mdl 64] Back Rank}) 22. Nxe7 Bg4 {[#]} 23. Re1 $1 Re8 24. Qf4 (24. Bd3 $142 {Threatens to win with Rh1.} Bf3 {[#]} 25. g4 $1 {[%mdl 512]}) 24... Rxe7 $2 (24... Rb8 25. Qd2 (25. Na4 Bd7 $16) 25... Bd7) 25. Rxe7 {White is clearly winning.} Bf5 {[%csl Gf5][%cal Rb3c2]} 26. Qd2 Ncb5 27. Nxb5 Nxb5 28. Bxb5 Qxb5 29. Qc3+ Kf8 30. d6 {Accuracy: White = 53%, Black = 30%.} 1-0

[Event "23rd Alekhine FIDE 2019"]
[Site "Voronezh"]
[Date "2019.06.13"]
[Round "2.6"]
[White "Tokmantsev, Ivan"]
[Black "Beldyugin, Alexey"]
[Result "1/2-1/2"]
[WhiteElo "1894"]
[BlackElo "2126"]
[Annotator "TA"]
[PlyCount "99"]
[EventDate "2019.06.12"]
[EventType "swiss"]
[EventCountry "RUS"]
[SourceTitle "playchess.com"]
[Source "ChessBase"]
[SourceQuality "1"]

{[%evp 18,99,13,13,17,15,10,6,20,17,11,25,24,22,27,23,18,18,13,0,-4,-14,-6,-40,-41,-71,-57,-57,-46,-65,-28,-36,-10,-58,0,-62,-11,-37,-37,-41,-37,-37,-37,-29,-29,-112,-65,-126,0,0,0,0,0,0,11,11,10,8,3,0,0,0,0,0,0,0,0,0,0,0,0,0,0,0,0,0,0,0,0,0,0,0,0,0]} 1. d4 Nf6 2. c4 e6 3. Nc3 d5 4. cxd5 exd5 5. Bg5 c6 6. Qc2 Be7 7. e3 Bg4 8. Bd3 Bh5 9. Nh3 Bg6 10. Nf4 {[%cal Rf4g6]} Bxd3 {D35: Queen's Gambit Declined: Exchange Variation} 11. Nxd3 Nbd7 12. h3 Ne4 $146 ({Predecessor:} 12... Nh5 13. Bxe7 Qxe7 14. b4 a6 15. O-O O-O 16. a4 Nhf6 17. b5 cxb5 18. axb5 {½-½ (29) Bischoff,K (2555)-Peshekhonov,V (2262) Bad Zwesten 2006}) 13. Nxe4 dxe4 14. Bxe7 Qxe7 15. Nf4 Qb4+ 16. Qc3 Qxc3+ 17. bxc3 Nb6 18. Rb1 O-O-O 19. Nh5 Rd5 20. Ng3 f5 21. Kd2 Ra5 22. Ra1 g6 23. Kc2 Rd8 24. Rhb1 Rdd5 25. Ne2 Rdb5 (25... Ra3 $15) 26. Nc1 (26. Rxb5 $11 cxb5 27. Kb3) 26... Nc4 ({Black should play} 26... Ra3 $15) 27. Rb4 Rxb4 28. cxb4 $15 {[%mdl 4096] Endgame KRN-KRN} Ra4 29. Kb3 b5 30. a3 a5 {...axb4 is the strong threat.} 31. bxa5 (31. Ra2 $1 $11) 31... Nxa5+ 32. Kb2 {[#]} (32. Kc3 $15) 32... Kc7 (32... f4 $1 $17 {[%mdl 512] Hoping for ...fxe3.} 33. exf4 Rxd4) 33. Ne2 $11 {The position is equal.} Kd6 34. Nc3 Nc4+ 35. Kb3 Ra6 36. a4 Nb6 37. a5 Na4 38. Nxa4 Rxa5 {[%mdl 64] [#] Pin} 39. Ra2 {Strongly threatening Nc5.} (39. Kb4 {is more complex.} Rxa4+ 40. Rxa4 bxa4 41. Kxa4 c5 42. dxc5+ Kxc5 43. Kb3) 39... bxa4+ 40. Rxa4 Rxa4 41. Kxa4 {KP-KP} c5 42. dxc5+ Kxc5 43. Kb3 Kb5 44. h4 h6 45. g3 g5 46. hxg5 hxg5 47. Kc3 Kc5 48. Kb3 Kb5 49. Kc3 Kc5 50. Kb3 {Accuracy: White = 60%, Black = 63%.} 1/2-1/2

[Event "23rd Alekhine FIDE 2019"]
[Site "Voronezh"]
[Date "2019.06.13"]
[Round "2.7"]
[White "Skvortsov, Andrei"]
[Black "Orshonova, Anna"]
[Result "1-0"]
[WhiteElo "2123"]
[BlackElo "1891"]
[Annotator "TA"]
[PlyCount "149"]
[EventDate "2019.06.12"]
[EventType "swiss"]
[EventCountry "RUS"]
[SourceTitle "playchess.com"]
[Source "ChessBase"]
[SourceQuality "1"]

{[%evp 18,149,22,10,21,14,19,19,12,8,6,10,10,11,13,16,16,15,32,44,50,44,50,46,74,8,77,79,119,42,48,41,98,23,40,0,37,0,0,0,0,0,0,0,0,0,3,5,1,5,26,25,55,54,30,0,0,0,0,0,0,0,0,0,0,0,0,0,0,0,27,41,58,58,66,66,67,66,66,66,66,66,66,66,66,66,28,27,28,0,66,0,66,66,66,66,66,66,66,66,66,66,66,66,66,66,93,93,745,724,526,110,110,110,110,110,110,110,110,110,11587,5097,2473,4100,895,85,12799,5157,29984,29985,29985,29984,29984,29985]} 1. Nf3 d5 2. g3 Nf6 3. Bg2 e6 4. O-O Be7 5. b3 O-O 6. Bb2 Nbd7 7. c4 c6 8. Qc2 b6 9. d3 Bb7 10. Nbd2 Rc8 {A14: English Opening: 1...e6 with b3 by White} (10... a5 11. a3 Rc8 12. Rac1 c5 13. e3 Qc7 14. Qb1 Qb8 15. cxd5 Bxd5 16. e4 Bc6 17. Nc4 Rfd8 18. Rfe1 {½-½ (66) Leon Hoyos,M (2603)-Yang,D (2485) Saint Louis 2012}) 11. Rac1 c5 12. e3 Qc7 {The position is equal.} 13. Qd1 $146 ({Predecessor:} 13. Rfd1 Rfd8 14. Qb1 Qb8 15. Qa1 Qa8 16. cxd5 Bxd5 17. e4 Bb7 18. Nc4 {½-½ (32) Zaim,M (2048)-Gulie,C (2020) Gilau 2018}) 13... Qb8 14. Qe2 Rfd8 15. Rfd1 Bf8 16. Nh4 g6 17. f4 dxc4 18. bxc4 Bxg2 19. Nxg2 Bg7 20. e4 b5 21. e5 ({Better is} 21. Rb1 $16) 21... Ne8 (21... bxc4 $1 $11 22. Nxc4 (22. exf6 Qxb2 {[%mdl 64] Double Attack} 23. fxg7 c3 $11) 22... Nd5) 22. Ne4 $16 b4 23. Ne3 (23. h4 $1 $16) 23... a5 24. h4 f6 (24... Qb7 $14) 25. exf6 (25. h5 $1 $16) 25... Nexf6 26. Nxf6+ Bxf6 27. Bxf6 Nxf6 28. Ng4 Nxg4 29. Qxe6+ Kg7 30. Qxg4 Qd6 31. Rc2 Qd4+ 32. Kg2 Re8 33. Re2 Re3 34. Rxe3 {[%mdl 64] Overworked Piece} Qxe3 $11 {[%mdl 4096] Endgame KQR-KQR} 35. Qd7+ Kh6 36. Qxc8 (36. Rf1 $5 {[%cal Rd7c8]} Qe8 37. Qg4 $14) 36... Qe2+ 37. Kh3 {Threatening mate with Re1!} Qxd1 {KQ-KQ} 38. Qf8+ Kh5 {[%cal Rd1h1]} 39. Qxc5+ {[%mdl 64] Double Attack} Kh6 40. Qf8+ Kh5 {[%cal Rd1h1]} 41. Qa8 a4 42. Qg2 Qxd3 43. c5 b3 44. axb3 axb3 45. c6 {Hoping for c7.} Qc2 46. Qd5+ Kh6 47. Qg5+ Kg7 48. Qe7+ Kg8 49. Qd8+ Kf7 50. Qd7+ Kf6 $1 51. Qd6+ Kf7 52. Qc7+ Kf6 53. Qd8+ Kf7 54. Qd7+ Kf6 $1 55. c7 b2 56. c8=Q Qxc8 57. Qxc8 {Qc3+ would kill now.} b1=Q $14 {( -> ...Qh1+). KQ-KQ} 58. Qh8+ Ke6 59. Qe5+ Kf7 60. Qd5+ Kg7 61. h5 Qf1+ 62. Kh4 {Qe5+ is the strong threat.} Qg1 $2 {[%mdl 8192] [#]} (62... Qf2 $16) 63. Qe5+ $1 $18 Kf7 {[#]} 64. g4 $2 (64. Qc7+ $1 $18 Kg8 65. Qd8+ Kf7 66. Qd7+ Kf8 67. Qd6+ Kg8 68. hxg6 Qh2+ 69. Kg4 hxg6 70. Qxg6+ Kf8 71. Qf5+ Kg8 72. Qd5+ Kg7 73. Qe5+ Kf8 74. f5) 64... gxh5 $16 65. Qxh5+ Kg7 66. Qe5+ Kg8 67. Kg5 {Intending Kf6 and mate.} Qb6 68. Qf6 Qb1 $2 {[%mdl 8192]} (68... Qb7 $16 69. Qe6+ Kf8 70. Qd6+ Kg8 71. Qd8+ Kf7 72. Qf6+ Kg8 73. Qe6+ Kf8) 69. Qd8+ $18 Kg7 70. Qc7+ (70. Qe7+ $142 Kg8 71. Qe6+ Kg7 72. Qe5+ Kg8 73. f5) 70... Kg8 71. f5 $2 (71. Qc8+ $18 Kg7 72. Qd7+ Kh8 73. f5 Qc1+ 74. Kf6 Qh6+ 75. Ke7 Qg7+ 76. Kd8 Qf6+ 77. Qe7 Qb6+ 78. Ke8 Qb5+ 79. Kf8 Qb8+ 80. Qe8) 71... Qb5 $2 {[%mdl 8192]} (71... Qd1 $16 72. Qc8+ Kf7 73. Qc4+ Kf8) 72. Qd8+ Kg7 73. Qe7+ {White mates.} Kg8 74. Kh6 {[%csl Gh6][%cal Re7g7]} Qc6+ 75. Qe6+ {Accuracy: White = 65%, Black = 37%.} 1-0

[Event "23rd Alekhine FIDE 2019"]
[Site "Voronezh"]
[Date "2019.06.13"]
[Round "2.8"]
[White "Novikov, Kirill"]
[Black "Gorshkov, Yury S."]
[Result "1-0"]
[WhiteElo "1890"]
[BlackElo "2103"]
[Annotator "NA"]
[PlyCount "105"]
[EventDate "2019.06.12"]
[EventType "swiss"]
[EventCountry "RUS"]
[SourceTitle "playchess.com"]
[Source "ChessBase"]
[SourceQuality "1"]
[TimeControl "40/5400+30:1800+30"]

1. e4 {[%emt 0:00:00]} g6 {[%emt 0:00:01]} 2. d4 {[%emt 0:00:26]} Bg7 {[%emt 0:00:11]} 3. f4 {[%emt 0:02:13]} d6 {[%emt 0:00:15]} 4. Nf3 {[%emt 0:00:54]} a6 {[%emt 0:00:30]} 5. Nc3 {[%emt 0:01:02]} b5 {[%emt 0:00:26]} 6. a3 {[%emt 0:02:37]} Bb7 {[%emt 0:02:31]} 7. Be3 {[%emt 0:03:32]} Nd7 {[%emt 0:04:57]} 8. Qd2 {[%emt 0:04:34]} e6 {[%emt 0:10:26]} 9. O-O-O {[%emt 0:10:01]} Ngf6 {[%emt 0:14:44]} 10. Bd3 {[%emt 0:04:51]} Nb6 {[%emt 0:11:31]} 11. f5 {[%emt 0:10:53]} gxf5 {[%emt 0:09:24]} 12. exf5 {[%emt 0:00:41]} Qe7 {[%emt 0:01:14]} 13. Bg5 {[%emt 0:03:03]} O-O-O {[%emt 0:02:42]} 14. Rde1 {[%emt 0:00:37]} Kb8 {[%emt 0:02:36]} 15. Re2 {[%emt 0:06:10]} Rde8 {[%emt 0:03:34]} 16. Rhe1 {[%emt 0:03:38]} Qd7 {[%emt 0:04:18]} 17. Bh6 {[%emt 0:01:52]} Bxh6 {[%emt 0:16:04]} 18. Qxh6 {[%emt 0:00:08]} Ng4 {[%emt 0:00:52]} 19. Qh4 {[%emt 0:03:00]} h5 {[%emt 0:01:25]} 20. h3 {[%emt 0:00:45]} Nh6 {[%emt 0:00:29]} 21. fxe6 {[%emt 0:01:20]} fxe6 {[%emt 0:00:11]} 22. Bg6 {[%emt 0:07:46]} Ref8 {[%emt 0:04:24]} 23. Rxe6 {[%emt 0:01:07]} Nf5 {[%emt 0:00:42]} 24. Bxf5 {[%emt 0:07:38]} Rxf5 {[%emt 0:00:03]} 25. Re7 {[%emt 0:00:24]} Qc8 {[%emt 0:01:33]} 26. Ng5 {[%emt 0:02:18]} Bxg2 {[%emt 0:00:44]} 27. Ne6 {[%emt 0:00:40]} Na8 {[%emt 0:00:21]} 28. Ne4 {[%emt 0:05:01]} Qg8 {[%emt 0:02:31]} 29. Ng7 {[%emt 0:08:00]} Rf7 {[%emt 0:01:58]} 30. Re8+ {[%emt 0:01:42]} Qxe8 {[%emt 0:00:02]} 31. Nxe8 {[%emt 0:00:08]} Rxe8 {[%emt 0:00:04]} 32. Nd2 {[%emt 0:00:31]} Rxe1+ {[%emt 0:00:14]} 33. Qxe1 {[%emt 0:00:07]} Kb7 {[%emt 0:00:41]} 34. Qg3 {[%emt 0:01:29]} Bd5 {[%emt 0:01:13]} 35. b3 {[%emt 0:00:59]} Nb6 {[%emt 0:00:07]} 36. Qg6 {[%emt 0:01:00]} h4 {[%emt 0:01:10]} 37. Qg4 {[%emt 0:00:24]} Rh7 {[%emt 0:01:12]} 38. Ne4 {[%emt 0:00:44]} Re7 {[%emt 0:00:07]} 39. Ng5 {[%emt 0:00:41]} Re1+ {[%emt 0:00:21]} 40. Kb2 {[%emt 0:00:47]} a5 {[%emt 0:00:10]} 41. Qxh4 {[%emt 0:30:27]} Rh1 {[%emt 0:30:03]} 42. Qf2 {[%emt 0:01:28]} a4 {[%emt 0:00:13]} 43. h4 {[%emt 0:00:26]} Ka6 {[%emt 0:01:21]} 44. Nf3 {[%emt 0:03:42]} axb3 {[%emt 0:01:27]} 45. cxb3 {[%emt 0:00:29]} Rh3 {[%emt 0:00:02]} 46. Nd2 {[%emt 0:00:23]} Kb7 {[%emt 0:00:36]} 47. Kc2 {[%emt 0:00:23]} Kc6 {[%emt 0:00:25]} 48. Qf4 {[%emt 0:00:53]} Kb7 {[%emt 0:01:24]} 49. Qg5 {[%emt 0:00:46]} Rh2 {[%emt 0:00:09]} 50. Qf4 {[%emt 0:00:33]} Rh3 {[%emt 0:01:21]} 51. Qg4 {[%emt 0:00:10]} Rh2 {[%emt 0:00:46]} 52. Qf4 {[%emt 0:01:15]} Rh3 {[%emt 0:00:08]} 53. Qg4 1-0

[Event "23rd Alekhine FIDE 2019"]
[Site "Voronezh"]
[Date "2019.06.13"]
[Round "2.9"]
[White "Zakirov, Vladislav"]
[Black "Polovnikov, Artem"]
[Result "1-0"]
[WhiteElo "2099"]
[BlackElo "1882"]
[Annotator "NA RC"]
[PlyCount "73"]
[EventDate "2019.06.12"]
[EventType "swiss"]
[EventCountry "RUS"]
[SourceTitle "playchess.com"]
[Source "ChessBase"]
[SourceQuality "1"]
[TimeControl "40/5400+30:1800+30"]

1. e4 {[%emt 0:00:00]} e5 {[%emt 0:00:00]} 2. Nf3 {[%emt 0:01:52]} Nc6 {[%emt 0:00:00]} 3. Bc4 {[%emt 0:00:26]} Be7 {[%emt 0:00:24]} 4. O-O {[%emt 0:01:01]} d6 {[%emt 0:00:29]} 5. c3 {[%emt 0:04:52]} Nf6 {[%emt 0:01:43]} 6. Re1 {[%emt 0:00:16]} O-O {[%emt 0:00:29]} 7. d3 {[%emt 0:05:27]} Na5 {[%emt 0:03:54]} 8. Bb5 {[%emt 0:00:47]} a6 {[%emt 0:00:12]} 9. Ba4 {[%emt 0:00:06]} b5 {[%emt 0:00:05]} 10. Bc2 {[%emt 0:00:05]} Bb7 {[%emt 0:00:07]} 11. Nbd2 {[%emt 0:05:47]} c5 {[%emt 0:01:13]} 12. Nf1 {[%emt 0:00:34]} Nc6 {[%emt 0:00:18]} 13. Ng3 {[%emt 0:00:59]} g6 {[%emt 0:00:24]} 14. h3 {[%emt 0:04:53]} a5 {[%emt 0:19:26]} 15. d4 {[%emt 0:10:44]} a4 {[%emt 0:06:42]} 16. d5 {[%emt 0:09:15]} Na5 {[%emt 0:00:19]} 17. Nh2 {[%emt 0:03:49]} Bc8 {[%emt 0:01:20]} 18. f4 {[%emt 0:07:28]} Nc4 {[%emt 0:02:33]} 19. Rb1 {[%emt 0:03:53]} Bd7 {[%emt 0:02:06]} 20. b3 {[%emt 0:03:48]} axb3 {[%emt 0:00:40]} 21. axb3 {[%emt 0:00:32]} exf4 {[%emt 0:06:23]} 22. Bxf4 {[%emt 0:05:16]} Na3 {[%emt 0:06:14]} 23. Rb2 {[%emt 0:01:46]} Nxc2 {[%emt 0:00:48]} 24. Rxc2 {[%emt 0:00:06]} Re8 {[%emt 0:03:18]} 25. Rf2 {[%emt 0:01:34]} Rf8 {[%emt 0:08:37]} 26. Bh6 {[%emt 0:01:12]} Re8 {[%emt 0:00:19]} 27. Ref1 {[%emt 0:02:29]} Kh8 {[%emt 0:01:04]} 28. Bg5 {[%emt 0:03:01]} Nxd5 {[%emt 0:03:14]} 29. Bxe7 {[%emt 0:01:20]} Nxe7 {[%emt 0:00:30]} 30. Qxd6 {[%emt 0:01:56]} Be6 {[%emt 0:02:10]} 31. Qxc5 {[%emt 0:02:59]} Qd3 {[%emt 0:00:58]} 32. Rf3 {[%emt 0:01:03]} Qc2 {[%emt 0:00:56]} 33. Qd4+ {[%emt 0:02:11]} Kg8 {[%emt 0:00:34]} 34. Ng4 {[%emt 0:01:35]} Red8 {[%emt 0:02:02]} 35. Nh6+ {[%emt 0:00:32]} Kf8 {[%emt 0:00:20]} 36. Qh8+ {[%emt 0:00:17]} Ng8 {[%emt 0:00:07]} 37. Rxf7+ 1-0

[Event "23rd Alekhine FIDE 2019"]
[Site "Voronezh"]
[Date "2019.06.13"]
[Round "2.10"]
[White "Rudakov, Sergey S."]
[Black "Abramov, Ilya"]
[Result "1-0"]
[WhiteElo "1880"]
[BlackElo "2098"]
[Annotator "NA RC"]
[PlyCount "87"]
[EventDate "2019.06.12"]
[EventType "swiss"]
[EventCountry "RUS"]
[SourceTitle "playchess.com"]
[Source "ChessBase"]
[SourceQuality "1"]
[TimeControl "40/5400+30:1800+30"]

1. e4 {[%emt 0:00:00]} Nf6 {[%emt 0:00:00]} 2. Nc3 {[%emt 0:00:00]} d5 {[%emt 0:00:00]} 3. exd5 {[%emt 0:00:00]} Nxd5 {[%emt 0:00:00]} 4. Bc4 {[%emt 0:00:00]} e6 {[%emt 0:00:52]} 5. Nf3 {[%emt 0:01:11]} Nxc3 {[%emt 0:00:09]} 6. bxc3 {[%emt 0:00:06]} Be7 {[%emt 0:00:14]} 7. d4 {[%emt 0:00:21]} O-O {[%emt 0:00:57]} 8. Ne5 {[%emt 0:00:45]} Nd7 {[%emt 0:02:38]} 9. Qe2 {[%emt 0:02:40]} c5 {[%emt 0:01:49]} 10. O-O {[%emt 0:01:31]} Nxe5 {[%emt 0:07:42]} 11. dxe5 {[%emt 0:00:26]} Qa5 {[%emt 0:01:57]} 12. Bd2 {[%emt 0:05:42]} Bd7 {[%emt 0:00:14]} 13. Bd3 {[%emt 0:00:33]} Bc6 {[%emt 0:00:09]} 14. c4 {[%emt 0:00:26]} Qc7 {[%emt 0:00:04]} 15. f4 {[%emt 0:00:31]} Rad8 {[%emt 0:07:38]} 16. Bc3 {[%emt 0:01:21]} g6 {[%emt 0:03:35]} 17. Qg4 {[%emt 0:00:45]} b5 {[%emt 0:10:49]} 18. cxb5 {[%emt 0:00:30]} c4 {[%emt 0:00:01]} 19. Bxg6 {[%emt 0:01:39]} hxg6 {[%emt 0:00:06]} 20. bxc6 {[%emt 0:00:05]} Qxc6 {[%emt 0:00:22]} 21. Rae1 {[%emt 0:05:48]} Qa4 {[%emt 0:03:53]} 22. Re2 {[%emt 0:02:07]} Rd5 {[%emt 0:02:45]} 23. h4 {[%emt 0:01:16]} Bc5+ {[%emt 0:01:40]} 24. Kh2 {[%emt 0:00:11]} Qa3 {[%emt 0:03:43]} 25. Rf3 {[%emt 0:00:27]} Qc1 {[%emt 0:00:53]} 26. h5 {[%emt 0:02:03]} Rd1 {[%emt 0:13:30]} 27. hxg6 {[%emt 0:00:23]} Rh1+ {[%emt 0:00:17]} 28. Kg3 {[%emt 0:00:06]} Qg1 {[%emt 0:00:28]} 29. Rff2 {[%emt 0:02:51]} Rh6 {[%emt 0:14:23]} 30. gxf7+ {[%emt 0:01:14]} Kxf7 {[%emt 0:00:02]} 31. f5 {[%emt 0:03:16]} Bxf2+ {[%emt 0:04:25]} 32. Rxf2 {[%emt 0:00:09]} Qh2+ {[%emt 0:00:03]} 33. Kf3 {[%emt 0:00:18]} Qh5 {[%emt 0:00:05]} 34. Rd2 {[%emt 0:05:26]} Qxg4+ {[%emt 0:02:01]} 35. Kxg4 {[%emt 0:00:08]} exf5+ {[%emt 0:00:10]} 36. Kxf5 {[%emt 0:00:35]} Ke8+ {[%emt 0:01:53]} 37. Ke4 {[%emt 0:00:58]} Rf7 {[%emt 0:01:23]} 38. Bb4 {[%emt 0:01:49]} Rh4+ {[%emt 0:01:29]} 39. Kd5 {[%emt 0:00:15]} Rd7+ {[%emt 0:00:07]} 40. Bd6 {[%emt 0:00:04]} Rf7 {[%emt 0:04:12]} 41. Rd1 {[%emt 0:30:36]} Rf2 {[%emt 0:30:57]} 42. Rb1 {[%emt 0:00:37]} Rd2+ {[%emt 0:00:59]} 43. Kc6 {[%emt 0:00:04]} Re4 {[%emt 0:01:05]} 44. Rh1 1-0